| 000 | 00756cab a2200253 4500 | ||
|---|---|---|---|
| 001 | ABS47850 | ||
| 008 | 090401t1993 xxu||||| |||| 00| 0 eng d | ||
| 035 | _a(Sirsi) u63669 | ||
| 041 | _aeng | ||
| 100 | _aFleming, M. | ||
| 245 | 4 | _aThe impact of negative equity on the UK housing market | |
| 260 | _c1993 | ||
| 350 | _a0 | ||
| 490 |
_aCBSI _v215(46) January 1993, 11-12(2) |
||
| 520 | _aDiscusses studies carried out by the Council of Mortgage Lenders, the Bank of England and UBS Phillips and Drew into the negative equity situation. | ||
| 650 | _aHOUSE PRICES | ||
| 650 | _aNEGATIVE EQUITY | ||
| 650 | _aRECESSION | ||
| 650 | _aREPOSSESSIONS | ||
| 690 | _aHOUSING-FINANCE | ||
| 700 | _aNellis, J. | ||
| 942 | _n0 | ||
| 948 | _c04/03/1997 | ||
| 999 |
_c39593 _d39593 |
||